Serenata : (Registro nro. 13532)
[ vista simple ]
| 000 -LIDER | |
|---|---|
| fixed length control field | 00748nam a2200253 a 4500 |
| 001 - NÚMERO DE CONTROL | |
| Identificador de número de control | |
| 003 - IDENTIFICACDOR DE NÚMERO DE CONTROL | |
| control field | |
| 005 - DATE AND TIME OF LATEST TRANSACTION | |
| control field | 20220303091502.0 |
| 008 - ELEMENTOS DE LONGITUD FIJA | |
| fixed length control field | 150709s1998 dr 000 0 spa d |
| 040 ## - FUENTE DE CATALOGACIÓN | |
| Agencia que crea de manera original el registro | BPMSU |
| Idioma de catalogación | spa |
| Agencia que realiza la transcripción | BPMSU |
| 082 ## - NÚMERO DE CLASIFICACIÓN DECIMAL DE DEWEY | |
| Classification number | RD863.44 |
| Item number | G277s |
| Edition number | 22 |
| 100 1# - ASIENTO PRINCIPAL -- NOMBRE PERSONAL | |
| Nombre personal | Gautier, Manuel Salvador, |
| Fechas asociadas con el nombre | 1930 - |
| 245 10 - MENCIÓN DE TITULO | |
| Título | Serenata : |
| Subtítulo | novela / |
| Mención de responsabilidad | Manuel Salvador Gautier. |
| 260 ## - PUBLICACIÓN, DISTRIBUCIÓN, ETC. (PIE DE IMPRENTA) | |
| Lugar de publicación, distribución, etc | Santo Domingo : |
| Nombre del editor, distribuidor, etc. | Santuario, |
| Fecha de publicación, distribución, etc | 1998 |
| 300 ## - DESCRIPCIÓN FÍSICA | |
| Extensión | 195 p. ; |
| Dimensiones | 23 cm. |
| 490 1# - MENCIÓN DE SERIES | |
| Mención de serie | Santuario |
| Volume/sequential designation | 44 |
| 500 ## - NOTA GENERAL | |
| Nota general | Incluye datos biográficos del autor en las solapas. |
| 590 ## - NOTA LOCAL | |
| Enlace | Inventariado, 2021/VM |
| 600 #4 - ENCABEZAMIENTO DE MATERIA--NOMBRE PERSONAL | |
| Nombre personal | Henríquez Ureña famila |
| Subdivisión de forma | Novela |
| 650 #4 - ENCABEZAMIENTO DE MATERIA--TEMÁTICO | |
| Término temático o nombre geográfico como elemento de entrada | Novela dominicana |
| Subdivisión geográfica | |
| Subdivisión temática general | |
| 650 #4 - ENCABEZAMIENTO DE MATERIA--TEMÁTICO | |
| Término temático o nombre geográfico como elemento de entrada | Literatura Dominicana |
| 910 ## - VALIDACIÓN | |
| Validación | VMateo |
| 942 ## - ADDED ENTRY ELEMENTS (KOHA) | |
| Source of classification or shelving scheme | Dewey Decimal Classification |
| Koha item type | Libros |
| Withdrawn status | Lost status | Source of classification or shelving scheme | Damaged status | Not for loan | Collection code | Home library | Current library | Date acquired | Source of acquisition | Full call number | Barcode | Date last seen | Price effective from | Koha item type |
|---|---|---|---|---|---|---|---|---|---|---|---|---|---|---|
| Dewey Decimal Classification | Colección Dominicana | Biblioteca Pública Metropolitana Salomé Ureña | Biblioteca Pública Metropolitana Salomé Ureña | 05/25/2021 | Pura Emeterio | BPMSU CD RD863.44 G277s 1998 | BPMSU21050168 | 05/25/2021 | 05/25/2021 | Libros |